| 000 | 00561nam a2200169 4500 | ||
|---|---|---|---|
| 008 | 0 1986 0a 000 0MEX | ||
| 020 | _a968-7270-17-9 | ||
| 050 | _aQA76 M426 | ||
| 082 | _a519.5 | ||
| 100 | _aMendenhall, William | ||
| 245 | _aEstadística matemática con aplicaciones / William Mendenhal | ||
| 260 | _aMéxico : Iberoamérica | ||
| 300 | _a751 p. / 23.5cm | ||
| 500 | _aIncluye índice | ||
| 650 | _a1.ESTADÍSTICA MATEMÁTICA | ||
| 700 | _aScheaffer, Richard L., COaut. \ Valckx Verbeck, Dirk, Tr. \ Davila de Apodaca, Bertha, Rev. | ||
| 999 |
_c14184 _d14184 |
||